000 00482nam a2200181Ia 4500
001 10016
005 20260306161800.0
008 260306t1974||||xx |||||||||||||| ||spa||
041 _aESP
082 _aPE 869.56
_bS22P
100 _aSánchez, Luis Alberto
_eAUT
245 0 _aPanorama de la literatura del Perú:
_bdesde sus orígenes hasta nuestros días
260 _c1974
300 _a171 páginas :
_c21cm.
650 _aGEN
654 _aCHU
942 _cLIB
_dJUS
_fJUS
_2ddc
_n
999 _c10016
_d10016